00210nam a2200073Ia 4500008004100000082000800041100002100049245006600070240331s9999 xx 000 0 und d bTHI aThiruchandran, S 0aThamil varalaattu padimangal silavattil oru penn nilai noakku